Startup Support in Slovakia and European Union
Saved in:
| Main Author: | |
|---|---|
| Other Authors: | , |
| Format: | Book Chapter |
| Language: | English |
| Tags: |
No Tags, Be the first to tag this record!
|
MARC
| LEADER | 00000naa$a2200000$$$4500 | ||
|---|---|---|---|
| 001 | 0308012 | ||
| 005 | 20250407111950.3 | ||
| 041 | 0 | |a eng | |
| 044 | |a NL | ||
| 245 | 1 | 0 | |a Startup Support in Slovakia and European Union |c Mária Janošková, Katarína Čulková, Daniela Hrehová |
| 100 | 1 | |a Janošková, Mária, 1965- | |
| 700 | 1 | |a Čulková, Katarína | |
| 700 | 1 | |a Hrehová, Daniela | |